[Event "IND-ch (Women) 47th"]
[Site "Bhubaneswar"]
[Date "2022.02.25"]
[Round "1"]
[White "Padmini, Rout"]
[Black "Bindu, Saritha K"]
[Result "1-0"]
[WhiteElo "2350"]
[BlackElo "1580"]
[PlyCount "67"]
[EventDate "2022.02.25"]
[EventType "swiss"]
[EventRounds "9"]
[EventCountry "IND"]
[SourceTitle "CBM 207 Extra"]
[Source "ChessBase"]
[SourceDate "2022.05.31"]
[SourceVersion "1"]
[SourceVersionDate "2022.05.31"]
[SourceQuality "1"]

1. e4 d5 2. exd5 Qxd5 3. Nc3 Qa5 4. d4 Nf6 5. Nf3 c6 6. Bc4 Bg4 7. h3 Bxf3 8. Qxf3 e6 9. Bd2 Qc7 10. 0-0-0 Nbd7 11. g4 Nb6 12. Be2 0-0-0 13. g5 Nfd5 14. Ne4 Rd7 15. c4 Nb4 16. a3 Na6 17. Bf4 Qd8 18. h4 Be7 19. Be5 Rg8 20. Kc2 Qf8 21. c5 Nd5 22. Bxa6 bxa6 23. Qb3 Rb7 24. Qa4 Kd7 25. Qxa6 Qc8 26. Qa4 f6 27. Nd6 Bxd6 28. Bxd6 Qe8 29. Qa6 Qa8 30. gxf6 Nxf6 31. Rhe1 Rgb8 32. Bxb8 Qxb8 33. b4 Nd5 34. Rxe6 1-0

[Event "IND-chT (Women)"]
[Site "Ahmedabad"]
[Date "2020.02.09"]
[Round "3.3"]
[White "Bindu, Saritha K"]
[Black "Velpula, Sarayu"]
[Result "0-1"]
[WhiteElo "1583"]
[BlackElo "1867"]
[PlyCount "50"]
[EventDate "2020.02.07"]
[EventType "team-swiss"]
[EventRounds "7"]
[EventCountry "IND"]
[SourceTitle "CBM 194 Extra"]
[Source "ChessBase"]
[SourceDate "2020.03.31"]
[SourceVersion "1"]
[SourceVersionDate "2020.03.31"]
[SourceQuality "1"]
[WhiteTeam "LIC (W)"]
[BlackTeam "Telangana (W)"]
[WhiteTeamCountry "IND"]
[BlackTeamCountry "IND"]

1. d4 Nf6 2. Nf3 g6 3. Bf4 Bg7 4. e3 d6 5. c3 Nh5 6. Bg5 h6 7. Bh4 g5 8. Nfd2 Nf6 9. Bg3 e6 10. e4 Qe7 11. Bd3 Nbd7 12. Na3 a6 13. 0-0 e5 14. Nac4 h5 15. h4 gxh4 16. Bxh4 Nf8 17. Ne3 Ng6 18. Bg5 Qf8 19. Nf5 Nh7 20. Be3 Bf6 21. Nf3 Ne7 22. dxe5 dxe5 23. Bc5 Bxf5 24. Qa4+ c6 25. Bxe7 Bxe7 0-1

[Event "IND-chT (Women) 15th"]
[Site "Bhopal"]
[Date "2017.02.06"]
[Round "5.3"]
[White "Varshini, Veileven"]
[Black "Bindu, Saritha K"]
[Result "1-0"]
[WhiteElo "2047"]
[BlackElo "1666"]
[PlyCount "95"]
[EventDate "2017.02.02"]
[EventType "team-swiss"]
[EventRounds "7"]
[EventCountry "IND"]
[SourceTitle "CBM 176 Extra"]
[Source "ChessBase"]
[SourceDate "2017.03.02"]
[SourceVersion "1"]
[SourceVersionDate "2017.03.02"]
[SourceQuality "1"]
[WhiteTeam "Airports Authority"]
[BlackTeam "LIC of India (W)"]
[WhiteTeamCountry "IND"]
[BlackTeamCountry "IND"]

1. e4 d5 2. exd5 Qxd5 3. Nc3 Qa5 4. d4 Nf6 5. Nf3 Bg4 6. Be2 Nc6 7. Be3 0-0-0 8. Nd2 Bxe2 9. Qxe2 Qf5 10. Nb3 e6 11. 0-0-0 Bb4 12. Na4 Nd5 13. g4 Qg6 14. Nac5 Bxc5 15. Nxc5 Rd6 16. a3 Kb8 17. h4 h5 18. Rdg1 Nxe3 19. fxe3 hxg4 20. Rxg4 Qh6 21. Kb1 a6 22. Ne4 Rdd8 23. Ng5 Rd7 24. Qf2 f5 25. Rgg1 Qf6 26. Rf1 g6 27. Qg3 e5 28. Ne4 Qe7 29. Nc5 Rd6 30. c3 Ka7 31. Rd1 b6 32. Nd3 exd4 33. exd4 Kb7 34. Rde1 Qf7 35. Qg2 Kb8 36. Nf4 Re8 37. d5 Ne5 38. Qe2 Kb7 39. c4 Red8 40. Ne6 Ng4 41. Nxd8+ Rxd8 42. Qe6 Qg7 43. Qc6+ Kb8 44. Re8 Rxe8 45. Qxe8+ Kb7 46. Qc6+ Kb8 47. Re1 Nf6 48. Re6 1-0

[Event "IND-chT (Women) 15th"]
[Site "Bhopal"]
[Date "2017.02.02"]
[Round "1.2"]
[White "Bindu, Saritha K"]
[Black "Paridhi, Shrivastava"]
[Result "1-0"]
[WhiteElo "1666"]
[BlackElo "1139"]
[PlyCount "63"]
[EventDate "2017.02.02"]
[EventType "team-swiss"]
[EventRounds "7"]
[EventCountry "IND"]
[SourceTitle "CBM 176 Extra"]
[Source "ChessBase"]
[SourceDate "2017.03.02"]
[SourceVersion "1"]
[SourceVersionDate "2017.03.02"]
[SourceQuality "1"]
[WhiteTeam "LIC of India (W)"]
[BlackTeam "Madhya Pradesh (W) II"]
[WhiteTeamCountry "IND"]
[BlackTeamCountry "IND"]

1. d4 e6 2. g3 d5 3. c4 c6 4. Bg2 Nf6 5. Nf3 Be7 6. 0-0 0-0 7. Nbd2 Nbd7 8. Qc2 c5 9. b3 dxc4 10. Nxc4 cxd4 11. Nxd4 Ne5 12. Nxe5 Qxd4 13. Bb2 Qc5 14. Qxc5 Bxc5 15. Rac1 Be7 16. Rfd1 Rb8 17. Rc7 Re8 18. h3 a6 19. a4 h6 20. g4 Kf8 21. Kf1 b5 22. Nc6 Rb6 23. Nxe7 Rxe7 24. Rxc8+ Re8 25. Rdc1 b4 26. Bd4 Rb7 27. Bxb7 Ke7 28. Bc5+ Kd7 29. Bxb4 Rxc8 30. Bxc8+ Kd8 31. Bxa6 Nd7 32. Rc8# 1-0

[Event "IND-ch Challengers (Women) 43rd"]
[Site "Chennai"]
[Date "2016.06.18"]
[Round "2"]
[White "Bindu, Saritha K"]
[Black "Vantika, Agrawal"]
[Result "0-1"]
[WhiteElo "1693"]
[BlackElo "1961"]
[PlyCount "60"]
[EventDate "2016.06.17"]
[EventType "swiss"]
[EventRounds "11"]
[EventCountry "IND"]
[SourceTitle "CBM 173 Extra"]
[Source "ChessBase"]
[SourceDate "2016.08.29"]
[SourceVersion "1"]
[SourceVersionDate "2016.08.29"]
[SourceQuality "1"]

1. d4 Nf6 2. c4 g6 3. Nc3 Bg7 4. e4 d6 5. Nf3 0-0 6. Be2 e5 7. 0-0 Nc6 8. Be3 Ng4 9. Bg5 f6 10. Bc1 f5 11. d5 Ne7 12. exf5 Nxf5 13. Ng5 Nf6 14. Nge4 Nxe4 15. Nxe4 Nd4 16. Bg4 Bf5 17. Ng3 Bc2 18. Qd2 e4 19. Ne2 Bd3 20. Nxd4 Bxd4 21. Be2 Qh4 22. g3 Rxf2 23. Rxf2 Bxf2+ 24. Kg2 Qf6 25. Bg4 Bf1+ 26. Kh1 e3 27. Qd1 Bxc4 28. Rb1 Qe5 29. Bf3 e2 30. Bxe2 Bxe2 0-1

[Event "IND-chT (Women) 13th"]
[Site "Goa"]
[Date "2015.02.20"]
[Round "1"]
[White "Sachdev, Tania"]
[Black "Bindu, Saritha K"]
[Result "1-0"]
[WhiteElo "2404"]
[BlackElo "1768"]
[PlyCount "42"]
[EventDate "2015.02.20"]
[EventType "team-tourn"]
[EventRounds "7"]
[EventCountry "IND"]
[SourceTitle "CBM 165 Extra"]
[Source "ChessBase"]
[SourceDate "2015.04.21"]
[SourceVersion "1"]
[SourceVersionDate "2015.04.21"]
[SourceQuality "1"]
[WhiteTeam "Air India (W)"]
[BlackTeam "Life Insurance Corporation (W)"]
[WhiteTeamCountry "IND"]
[BlackTeamCountry "IND"]

1. d4 d5 2. c4 c6 3. Nf3 Nf6 4. Nc3 dxc4 5. a4 Bf5 6. Ne5 Nbd7 7. Nxc4 Qc7 8. g3 e5 9. dxe5 Nxe5 10. Bf4 Nfd7 11. Bg2 f6 12. 0-0 Bc5 13. Ne4 Bxe4 14. Bxe4 0-0-0 15. Qc2 g5 16. Nxe5 fxe5 17. Bxg5 Rdf8 18. Bf5 Bd6 19. Rad1 Kb8 20. Be7 Bxe7 21. Rxd7 Qc8 1-0

[Event "IND-chB (Women) 41st"]
[Site "Mapusa"]
[Date "2014.09.15"]
[Round "11"]
[White "Bindu, Saritha K"]
[Black "Monnisha, GK."]
[Result "1/2-1/2"]
[WhiteElo "1730"]
[BlackElo "2078"]
[PlyCount "113"]
[EventDate "2014.09.07"]
[EventType "swiss"]
[EventRounds "11"]
[EventCountry "IND"]
[SourceTitle "CBM 162 Extra"]
[Source "ChessBase"]
[SourceDate "2014.10.17"]
[SourceVersion "1"]
[SourceVersionDate "2014.10.17"]
[SourceQuality "1"]

1. d4 Nf6 2. c4 e6 3. g3 d5 4. Bg2 dxc4 5. Qa4+ Nbd7 6. Qxc4 a6 7. a4 Be7 8. Nf3 0-0 9. 0-0 b5 10. Qc2 Bb7 11. axb5 axb5 12. Rxa8 Bxa8 13. Bf4 Nd5 14. Bd2 Bf6 15. Ba5 Qb8 16. Nbd2 Rc8 17. b4 Qa7 18. Nb3 Nb8 19. e4 Nb6 20. Rd1 Nc4 21. d5 exd5 22. exd5 Na6 23. Nfd4 Nxa5 24. bxa5 b4 25. Nc6 Bxc6 26. Qxc6 Rf8 27. d6 Nb8 28. Qb7 Qxb7 29. Bxb7 cxd6 30. a6 Nxa6 31. Bxa6 Be7 32. Nd4 Ra8 33. Bc4 Rc8 34. Bd5 Bf6 35. Kf1 h5 36. Ke2 h4 37. Nb3 hxg3 38. hxg3 g5 39. Rd3 Kg7 40. Kf3 Be5 41. Kg4 Rc3 42. Rf3 Rxf3 43. Kxf3 f5 44. Nd2 g4+ 45. Ke3 Bf6 46. Nb3 Bg5+ 47. Ke2 Kf6 48. Kd3 Ke5 49. Bg2 f4 50. gxf4+ Kxf4 51. Nd4 Bh4 52. f3 Kg3 53. fxg4 Kxg2 54. Nf5 Bg5 55. Nxd6 Kf3 56. Kc4 Kxg4 57. Kxb4 1/2-1/2

[Event "IND-chB (Women) 41st"]
[Site "Mapusa"]
[Date "2014.09.13"]
[Round "9"]
[White "Lasya, Goli"]
[Black "Bindu, Saritha K"]
[Result "1-0"]
[WhiteElo "2069"]
[BlackElo "1730"]
[PlyCount "109"]
[EventDate "2014.09.07"]
[EventType "swiss"]
[EventRounds "11"]
[EventCountry "IND"]
[SourceTitle "CBM 162 Extra"]
[Source "ChessBase"]
[SourceDate "2014.10.17"]
[SourceVersion "1"]
[SourceVersionDate "2014.10.17"]
[SourceQuality "1"]

1. Nf3 d5 2. g3 Nf6 3. Bg2 b6 4. 0-0 Bb7 5. d4 e6 6. Bf4 Bd6 7. Bxd6 Qxd6 8. Nbd2 Nbd7 9. c4 0-0 10. Rc1 c5 11. Re1 Rac8 12. cxd5 exd5 13. Nf1 a6 14. dxc5 Nxc5 15. Ne3 Nce4 16. Rxc8 Rxc8 17. Nf5 Qc5 18. N3d4 g6 19. Ne3 Qb4 20. Nb3 a5 21. a3 Qb5 22. Qd3 Qxd3 23. exd3 Nc5 24. Nxc5 Rxc5 25. d4 Rb5 26. Rb1 Rb3 27. Bf1 Ne4 28. Rc1 Nd2 29. Be2 Kg7 30. Rc7 Ba8 31. Rc8 Bb7 32. Rc7 Ba8 33. Rc2 Ne4 34. Nf1 b5 35. Nd2 Nxd2 36. Rxd2 Bc6 37. Bd1 a4 38. Bxb3 axb3 39. Rd3 Kf6 40. Rxb3 Ke6 41. f3 Kd6 42. Kf2 Bd7 43. Rc3 Bf5 44. Ke3 Bh3 45. b3 g5 46. Rc5 Bf1 47. a4 bxa4 48. bxa4 h5 49. h4 f6 50. Rc1 Bc4 51. Rh1 gxh4 52. Rxh4 Kc6 53. Rxh5 Kb6 54. Rh6 Ka5 55. Rxf6 1-0

[Event "IND-ch (Women)"]
[Site "Chennai"]
[Date "2009.12.10"]
[Round "9"]
[White "Mohanty, Kiran Monisha"]
[Black "Bindu, Saritha K"]
[Result "1-0"]
[WhiteElo "2150"]
[BlackElo "1949"]
[PlyCount "93"]
[EventDate "2009.12.02"]
[EventType "swiss"]
[EventRounds "11"]
[EventCountry "IND"]
[SourceTitle "EXT 2011"]
[Source "ChessBase"]
[SourceDate "2010.11.26"]
[SourceVersion "1"]
[SourceVersionDate "2010.11.26"]
[SourceQuality "1"]

1. e4 e5 2. Nf3 Nc6 3. Bb5 a6 4. Ba4 Nf6 5. 0-0 Be7 6. Re1 b5 7. Bb3 0-0 8. a4 b4 9. d3 d6 10. a5 Be6 11. Nbd2 Rb8 12. Bc4 Bxc4 13. dxc4 Nd7 14. Nb3 Bf6 15. Be3 Qe7 16. Qd5 Nd8 17. c5 Rb5 18. cxd6 Qxd6 19. Qxd6 cxd6 20. Nbd2 Nc5 21. Nc4 Nxe4 22. Bb6 Ng5 23. Nxg5 Bxg5 24. Nxd6 Rd5 25. Ne4 Be7 26. Red1 Rxd1+ 27. Rxd1 Nc6 28. Nd2 f5 29. Nc4 Kf7 30. Rd7 Ke8 31. Rc7 Rf6 32. Rc8+ Kd7 33. Ra8 f4 34. f3 Ke6 35. Rxa6 Kd5 36. b3 Nd4 37. Ra7 Re6 38. a6 Nb5 39. Rd7+ Kc6 40. a7 Nxa7 41. Rxa7 e4 42. fxe4 Rxe4 43. Kf1 h5 44. Rc7+ Kb5 45. Rd7 Bh4 46. Bf2 Bf6 47. Nd6+ 1-0

[Event "IND-ch (Women)"]
[Site "Chennai"]
[Date "2009.12.08"]
[Round "7"]
[White "Pon, Namasivayam Krithik"]
[Black "Bindu, Saritha K"]
[Result "0-1"]
[WhiteElo "2196"]
[BlackElo "1949"]
[PlyCount "74"]
[EventDate "2009.12.02"]
[EventType "swiss"]
[EventRounds "11"]
[EventCountry "IND"]
[SourceTitle "EXT 2011"]
[Source "ChessBase"]
[SourceDate "2010.11.26"]
[SourceVersion "1"]
[SourceVersionDate "2010.11.26"]
[SourceQuality "1"]

1. e4 e6 2. d4 d5 3. Nc3 Nf6 4. Bg5 dxe4 5. Nxe4 Be7 6. Bxf6 Bxf6 7. Nf3 b6 8. Bd3 Bb7 9. c3 Nd7 10. Qe2 Qe7 11. Bc2 0-0 12. 0-0-0 c5 13. Kb1 cxd4 14. Nxd4 Rfd8 15. Qd3 g6 16. Qh3 Bg7 17. f4 e5 18. Nb5 Nc5 19. Ned6 a6 20. Nxb7 Nxb7 21. Na3 exf4 22. Rde1 Qf6 23. Rhf1 Nc5 24. Re2 b5 25. Ref2 Ne6 26. Bb3 g5 27. g3 h6 28. Bxe6 fxe6 29. gxf4 Qg6+ 30. Ka1 b4 31. cxb4 Rd3 32. Qg2 Rad8 33. Nb1 Rd1 34. Rxd1 Rxd1 35. Rc2 g4 36. a3 Qd3 37. Qe2 Qxa3# 0-1

[Event "IND-ch (Women)"]
[Site "Chennai"]
[Date "2009.12.07"]
[Round "6"]
[White "Bindu, Saritha K"]
[Black "Ramaswamy, Aarthie"]
[Result "0-1"]
[WhiteElo "1949"]
[BlackElo "2213"]
[PlyCount "56"]
[EventDate "2009.12.02"]
[EventType "swiss"]
[EventRounds "11"]
[EventCountry "IND"]
[SourceTitle "EXT 2011"]
[Source "ChessBase"]
[SourceDate "2010.11.26"]
[SourceVersion "1"]
[SourceVersionDate "2010.11.26"]
[SourceQuality "1"]

1. d4 Nf6 2. c4 c5 3. d5 b5 4. cxb5 a6 5. bxa6 Bxa6 6. Nc3 g6 7. Nf3 d6 8. e4 Bxf1 9. Kxf1 Bg7 10. g3 0-0 11. Kg2 Nbd7 12. h3 Qa5 13. Qc2 Rfb8 14. Re1 Nb6 15. Bg5 Nc4 16. Rab1 h6 17. Bd2 Nd7 18. Nh4 Nde5 19. Bc1 Na3 20. bxa3 Rxb1 21. Qxb1 Qxc3 22. Re3 Qa5 23. Rb3 c4 24. Rb7 Qe1 25. Qc2 Nd3 26. Rxe7 Qxc1 27. Qe2 Rb8 28. Qg4 Rb1 0-1

[Event "IND-ch (Women)"]
[Site "Chennai"]
[Date "2009.12.04"]
[Round "3"]
[White "Gomes, Mary Ann"]
[Black "Bindu, Saritha K"]
[Result "1-0"]
[WhiteElo "2384"]
[BlackElo "1949"]
[PlyCount "67"]
[EventDate "2009.12.02"]
[EventType "swiss"]
[EventRounds "11"]
[EventCountry "IND"]
[SourceTitle "EXT 2011"]
[Source "ChessBase"]
[SourceDate "2010.11.26"]
[SourceVersion "1"]
[SourceVersionDate "2010.11.26"]
[SourceQuality "1"]

1. Nf3 c5 2. c4 Nc6 3. Nc3 e6 4. e4 Nf6 5. d3 d5 6. Bg5 d4 7. Ne2 e5 8. g3 h6 9. Bd2 Bg4 10. Bg2 Be7 11. h3 Be6 12. g4 Nd7 13. Ng3 Rb8 14. Nf5 Bxf5 15. exf5 Nf6 16. Qe2 Nd7 17. h4 0-0 18. g5 h5 19. f6 Bd6 20. fxg7 Kxg7 21. Nh2 f5 22. gxf6+ Nxf6 23. Bd5 Qe8 24. Rg1+ Kh8 25. Bh6 Rf7 26. Bxf7 Qxf7 27. Bg7+ Kh7 28. Bxf6 Qxf6 29. Qxh5+ Qh6 30. Qxh6+ Kxh6 31. Ng4+ Kh5 32. Nf6+ Kxh4 33. 0-0-0 Rf8 34. Rg4+ 1-0

[Event "IND Challenger (Women)"]
[Site "Nagpur"]
[Date "2009.09.12"]
[Round "8"]
[White "Bindu, Saritha K"]
[Black "Anuprita, Patil"]
[Result "1/2-1/2"]
[WhiteElo "1936"]
[BlackElo "2051"]
[PlyCount "55"]
[EventDate "2009.09.07"]
[EventType "swiss"]
[EventRounds "11"]
[EventCountry "IND"]
[SourceTitle "CBM 132 Extra"]
[Source "ChessBase"]
[SourceDate "2009.11.03"]
[SourceVersion "1"]
[SourceVersionDate "2009.11.03"]
[SourceQuality "1"]

1. d4 g6 2. c4 Bg7 3. Nc3 d6 4. Nf3 Nd7 5. e4 e6 6. Be3 Ne7 7. Be2 0-0 8. Qd2 d5 9. Bh6 dxe4 10. Bxg7 Kxg7 11. Nxe4 b6 12. h4 Bb7 13. Ng3 h5 14. 0-0-0 Nf6 15. Ne5 Rc8 16. Qg5 Nf5 17. Nxf5+ exf5 18. f3 Re8 19. Rhg1 Nd7 20. Qg3 Nxe5 21. dxe5 Qe7 22. f4 Kh7 23. Rd2 Red8 24. Rgd1 Rxd2 25. Rxd2 Rd8 26. Rxd8 Qxd8 27. Qf2 Be4 28. g3 1/2-1/2

[Event "IND-chB (Women) 35th"]
[Site "Calicut"]
[Date "2008.06.09"]
[Round "5"]
[White "Swati, Mohota"]
[Black "Bindu, Saritha K"]
[Result "1-0"]
[WhiteElo "2114"]
[BlackElo "2009"]
[PlyCount "109"]
[EventDate "2008.06.06"]
[EventType "swiss"]
[EventRounds "11"]
[EventCountry "IND"]
[SourceTitle "CBM 124 Extra"]
[Source "ChessBase"]
[SourceDate "2008.07.03"]
[SourceVersion "1"]
[SourceVersionDate "2008.07.03"]
[SourceQuality "1"]

1. d4 d5 2. c4 c6 3. Nf3 Nf6 4. Nc3 dxc4 5. a4 Bf5 6. Ne5 Nbd7 7. Nxc4 Qc7 8. g3 e5 9. dxe5 Nxe5 10. Bf4 Nfd7 11. Bg2 g5 12. Nxe5 gxf4 13. Nxd7 Bxd7 14. Qd4 Rg8 15. Qe4+ Be7 16. Qxh7 0-0-0 17. 0-0-0 fxg3 18. hxg3 Bf6 19. Bh3 Bxh3 20. Qxh3+ Kb8 21. Qf5 Bxc3 22. bxc3 Qe7 23. Qc2 Rxd1+ 24. Rxd1 Rg4 25. Rd4 Rxd4 26. cxd4 Qa3+ 27. Kd2 Qb4+ 28. Ke3 Qa3+ 29. Ke4 Qe7+ 30. Kf3 Qf6+ 31. Ke3 Qe7+ 32. Qe4 Qa3+ 33. Kf4 Qxa4 34. Qe5+ Kc8 35. Qe8+ Kc7 36. Qxf7+ Kb6 37. e3 Qc2 38. Ke5 a5 39. g4 a4 40. g5 a3 41. g6 a2 42. g7 a1Q 43. g8Q Qa6 44. Kd6 Qa3+ 45. Kd7 Kb5 46. Kc7 b6 47. Qh5+ c5 48. Qge8+ Kb4 49. Kxb6 c4 50. Qc5+ Kb3 51. Qeb5+ Ka2 52. Qbxc4+ Qab3+ 53. Qxb3+ Qxb3+ 54. Ka5 Qf7 55. f4 1-0

[Event "IND-chB (Women) 34th"]
[Site "Hyderabad"]
[Date "2007.05.21"]
[Round "?"]
[White "Preetika, Tayal"]
[Black "Bindu, Saritha K"]
[Result "0-1"]
[WhiteElo "1815"]
[BlackElo "1988"]
[PlyCount "86"]
[EventDate "2007.05.21"]
[EventType "swiss"]
[EventRounds "11"]
[EventCountry "IND"]
[SourceTitle "EXT 2010"]
[Source "ChessBase"]
[SourceDate "2010.11.25"]
[SourceVersion "1"]
[SourceVersionDate "2010.11.25"]
[SourceQuality "1"]

1. d4 d5 2. Nf3 Nf6 3. e3 g6 4. Bd3 Bg7 5. 0-0 0-0 6. Nbd2 b6 7. c3 Bb7 8. b3 Nbd7 9. Bb2 c5 10. Rc1 h6 11. c4 e6 12. cxd5 exd5 13. Qe2 Ne4 14. Ba6 Qc8 15. Bxb7 Qxb7 16. a4 Rfe8 17. dxc5 bxc5 18. Bxg7 Kxg7 19. Nxe4 Rxe4 20. Qb2+ f6 21. Qc2 Rc8 22. Rfd1 Rb4 23. Rb1 Rb8 24. Nd2 Qc7 25. Qd3 Qb7 26. f4 a5 27. Nf3 Nb6 28. Ra1 c4 29. bxc4 dxc4 30. Qc2 Qe7 31. e4 Qc5+ 32. Kh1 Qe3 33. Nd4 Re8 34. Nc6 Rb3 35. Nxa5 Rc3 36. Qb2 Rxe4 37. Nc6 Rb3 38. Qd2 Qxd2 39. Rxd2 c3 40. Rda2 Rxa4 41. Rxa4 Nxa4 42. g3 c2 43. Nd4 Rb1+ 0-1

[Event "Madras zt (Women)"]
[Site "Madras"]
[Date "1995.??.??"]
[Round "1"]
[White "Bindu, Saritha K"]
[Black "Gokhale, Anupama"]
[Result "1-0"]
[WhiteElo "2090"]
[BlackElo "2145"]
[PlyCount "105"]
[EventDate "1995.??.??"]
[EventType "tourn"]
[EventRounds "9"]
[EventCountry "IND"]
[SourceTitle "EXT 1997"]
[Source "ChessBase"]
[SourceDate "1996.11.15"]
[SourceVersion "1"]
[SourceVersionDate "1996.11.15"]
[SourceQuality "1"]

1. d4 g6 2. c4 Nf6 3. Nc3 Bg7 4. e4 d6 5. Nf3 0-0 6. Be2 e5 7. 0-0 Na6 8. Be3 Ng4 9. Bg5 Qe8 10. dxe5 dxe5 11. h3 h6 12. Bd2 Nf6 13. Be3 Nd7 14. Qd2 Kh7 15. Ne1 c6 16. Rd1 Nac5 17. b4 Ne6 18. Nc2 Nf4 19. c5 Qe7 20. Bf3 Qh4 21. Ne2 g5 22. Bg4 Nf6 23. f3 Bxg4 24. hxg4 Rad8 25. Qe1 Rxd1 26. Qxd1 Rd8 27. Qe1 Qxe1 28. Rxe1 h5 29. gxh5 N6xh5 30. g4 Nxe2+ 31. Rxe2 Nf4 32. Rd2 Rxd2 33. Bxd2 Bf8 34. Ne3 b6 35. cxb6 axb6 36. Nc4 Nd3 37. Nxb6 Nxb4 38. Nd7 Bd6 39. Bxb4 Bxb4 40. Nxe5 c5 41. Nxf7 c4 42. Nxg5+ Kg6 43. Ne6 c3 44. Nf4+ Kg5 45. Nd3 c2 46. a4 Kh4 47. Kf1 Kg3 48. Ke2 Bc3 49. Ke3 Bb4 50. g5 Bc5+ 51. Kd2 Bd4 52. g6 Bg7 53. a5 1-0

[Event "Madras zt (Women)"]
[Site "Madras"]
[Date "1995.??.??"]
[Round "8"]
[White "Bindu, Saritha K"]
[Black "Mohota, Nisha"]
[Result "1/2-1/2"]
[WhiteElo "2090"]
[BlackElo "2000"]
[PlyCount "101"]
[EventDate "1995.??.??"]
[EventType "tourn"]
[EventRounds "9"]
[EventCountry "IND"]
[SourceTitle "EXT 1997"]
[Source "ChessBase"]
[SourceDate "1996.11.15"]
[SourceVersion "1"]
[SourceVersionDate "1996.11.15"]
[SourceQuality "1"]

1. d4 d5 2. c4 c6 3. Nf3 Nf6 4. Nc3 e6 5. cxd5 cxd5 6. Bf4 Nc6 7. e3 Bd6 8. Bg5 0-0 9. Be2 b6 10. 0-0 Bb7 11. Rc1 Rc8 12. Qa4 Be7 13. Ba6 Bxa6 14. Qxa6 Nb4 15. Qb5 a6 16. Qe2 b5 17. Ne5 Nc6 18. Nxb5 Na5 19. Na7 Ra8 20. Nac6 Nxc6 21. Nxc6 Qd7 22. Nxe7+ Qxe7 23. Rc6 Qb7 24. Rfc1 Rac8 25. Rxc8 Rxc8 26. Rxc8+ Qxc8 27. Bxf6 gxf6 28. Qd2 Qc4 29. a3 Kg7 30. h3 Kg6 31. Qc3 Qe2 32. b3 Qd1+ 33. Kh2 Qe2 34. f3 h5 35. b4 Qc4 36. Qb2 Qb5 37. Qc2+ Kg7 38. Qb3 Qc4 39. Qb2 Qb5 40. Kg3 Qa4 41. Qc3 Qd1 42. e4 e5 43. dxe5 d4 44. exf6+ Kxf6 45. Qc6+ Kg7 46. Qd5 d3 47. Qg5+ Kf8 48. Qd8+ Kg7 49. Qg5+ Kf8 50. Qd8+ Kg7 51. Qg5+ 1/2-1/2

[Event "Madras zt (Women)"]
[Site "Madras"]
[Date "1995.??.??"]
[Round "4"]
[White "Vijayalakshmi, Subbaraman"]
[Black "Bindu, Saritha K"]
[Result "1-0"]
[WhiteElo "2000"]
[BlackElo "2090"]
[PlyCount "109"]
[EventDate "1995.??.??"]
[EventType "tourn"]
[EventRounds "9"]
[EventCountry "IND"]
[SourceTitle "EXT 1997"]
[Source "ChessBase"]
[SourceDate "1996.11.15"]
[SourceVersion "1"]
[SourceVersionDate "1996.11.15"]
[SourceQuality "1"]

1. d4 d5 2. c4 c6 3. Nf3 Nf6 4. Nc3 g6 5. Bf4 Bg7 6. e3 0-0 7. h3 b6 8. cxd5 Nxd5 9. Be5 f6 10. Bg3 Nxc3 11. bxc3 Be6 12. Bd3 Nd7 13. 0-0 Bf7 14. Ba6 e5 15. Bb7 Rb8 16. Bxc6 Rc8 17. Bxd7 Qxd7 18. dxe5 Qxd1 19. Rfxd1 Rxc3 20. a4 fxe5 21. Bxe5 Bxe5 22. Nxe5 Bb3 23. Rd7 Rc2 24. f3 a5 25. Rd6 Rfc8 26. Rxb6 Rc1+ 27. Rxc1 Rxc1+ 28. Kh2 Bxa4 29. Ra6 Rc5 30. Ra8+ Kg7 31. Ra7+ Kg8 32. Ng4 Bc6 33. Nf6+ Kf8 34. Nd7+ Bxd7 35. Rxd7 Re5 36. Rxh7 Rxe3 37. Ra7 Ra3 38. h4 Ra2 39. Kh3 a4 40. g4 a3 41. Kg3 Ra1 42. Kf4 a2 43. Kg5 Rb1 44. Rxa2 Rb6 45. Ra7 Kg8 46. Kh6 Rf6 47. g5 Rxf3 48. Kxg6 Rf8 49. h5 Kh8 50. h6 Rb8 51. Ra5 Rg8+ 52. Kh5 Rb8 53. g6 Kg8 54. h7+ Kg7 55. Ra7+ 1-0